Women's Issues An Indian Perspective/ (Record no. 202836)

MARC details
000 -LEADER
fixed length control field 00554 a2200193 4500
005 - DATE AND TIME OF LATEST TRANSACTION
control field 20240513153007.0
010 ## - LCCN (DPL NO)
LC control number B-759016
020 ## - INTERNATIONAL STANDARD BOOK NUMBER
International Standard Book Number 8172110170
Terms of availability 200.00
035 ## - SYSTEM CONTROL NUMBER
System control number B-759016
037 ## - SOURCE OF ACQUISITION
Source of stock number/acquisition Gift/Unesco
082 ## - DEWEY DECIMAL CLASSIFICATION NUMBER
Classification number 305.42
100 ## - MAIN ENTRY--PERSONAL NAME
Personal name Misra, Lakshmi
245 ## - TITLE STATEMENT
Title Women's Issues An Indian Perspective/
Statement of responsibility, etc Lakshmi Misra
260 ## - PUBLICATION, DISTRIBUTION, ETC. (IMPRINT)
Place of publication, distribution, etc New Delhi
Name of publisher, distributor, etc Northern Book Center
270 ## - ADDRESS
City New Delhi
300 ## - PHYSICAL DESCRIPTION
Extent 208 p.
Dimensions 22cm (Hb)
942 ## - ADDED ENTRY ELEMENTS (KOHA)
Institution code [OBSOLETE] dpl
Item type English Books
Source of classification or shelving scheme Dewey Decimal Classification
Classification part 305.42
Call number suffix MIS
Holdings
Withdrawn status Lost status Not for loan Collection code Home library Current library Date acquired Source of acquisition Cost, normal purchase price Full call number Barcode Copy number Cost, replacement price Koha item type Public note
      Non-fiction Vinoba Puri Vinoba Puri 13/05/2024 Gift/10.5.24 200.00 305.42 MIS B-759016 1 200.00 English Books Gift

© Delhi Public Library
Hit Counter
free hit counter